DYSRHYTHMIA INTERPERTATION BASED ON LARDIAC SUPPRESSION AND IRRTABILITY (Record no. 1889)
[ view plain ]
| 000 -LEADER | |
|---|---|
| fixed length control field | 00362nam a2200133Ia 4500 |
| 008 - FIXED-LENGTH DATA ELEMENTS--GENERAL INFORMATION | |
| fixed length control field | 150201s1986 xx 000 0 und d |
| 082 ## - DEWEY DECIMAL CLASSIFICATION NUMBER | |
| Classification number | 616.1 |
| Item number | D86C |
| 100 ## - MAIN ENTRY--PERSONAL NAME | |
| Personal name | HURST , CECILE |
| 245 ## - TITLE STATEMENT | |
| Title | DYSRHYTHMIA INTERPERTATION BASED ON LARDIAC SUPPRESSION AND IRRTABILITY |
| 260 ## - PUBLICATION, DISTRIBUTION, ETC. (IMPRINT) | |
| Name of publisher, distributor, etc. | LIPPINCOTT |
| Place of publication, distribution, etc. | LONDON |
| Date of publication, distribution, etc. | 1986 |
| 300 ## - PHYSICAL DESCRIPTION | |
| Extent | 350 |
| 650 ## - SUBJECT ADDED ENTRY--TOPICAL TERM | |
| Topical term or geographic name as entry element | NURSING |
| 942 ## - ADDED ENTRY ELEMENTS (KOHA) | |
| Source of classification or shelving scheme | Dewey Decimal Classification |
| Koha item type | Books |
| Withdrawn status | Lost status | Source of classification or shelving scheme | Damaged status | Not for loan | Collection code | Home library | Current library | Shelving location | Date acquired | Source of acquisition | SGTU | Total Checkouts | Full call number | Barcode | Date last seen | Bill Date | Koha item type | Date last checked out |
|---|---|---|---|---|---|---|---|---|---|---|---|---|---|---|---|---|---|---|
| Dewey Decimal Classification | NURSING | SGT Medical Library | SGT Medical Library | Text Book | 09/02/2015 | UBS DELHI | SGTU | 616.1 D86C | FN232 | 09/02/2015 | 09/02/2015 | Books | ||||||
| Dewey Decimal Classification | NURSING | SGT Medical Library | SGT Medical Library | Text Book | 09/02/2015 | UBS DELHI | SGTU | 2 | 616.1 D86C | FN233 | 28/11/2025 | 09/02/2015 | Books | 24/11/2025 | ||||
| Dewey Decimal Classification | NURSING | SGT Medical Library | SGT Medical Library | Text Book | 09/02/2015 | UBS DELHI | SGTU | 3 | 616.1 D86C | FN234 | 28/11/2025 | 09/02/2015 | Books | 24/11/2025 | ||||
| Dewey Decimal Classification | NURSING | SGT Medical Library | SGT Medical Library | Text Book | 09/02/2015 | UBS DELHI | SGTU | 616.1 D86C | FN235 | 30/11/2018 | 09/02/2015 | Books |